[Event "Montreal Pere Noel op"]
[Site "Montreal"]
[Date "2010.12.26"]
[Round "1"]
[White "Robichaud, Louis"]
[Black "Xu, Tian Run"]
[Result "1-0"]
[WhiteElo "2082"]
[BlackElo "1635"]
[PlyCount "49"]
[EventDate "2010.12.26"]
[EventType "swiss"]
[EventRounds "5"]
[EventCountry "CAN"]
[SourceTitle "EXT 2013"]
[Source "ChessBase"]
[SourceDate "2012.11.22"]
[SourceVersion "1"]
[SourceVersionDate "2012.11.22"]
[SourceQuality "1"]

1. e4 c5 2. Nc3 d6 3. g3 Nf6 4. Bg2 e6 5. d3 Be7 6. f4 Nc6 7. Nf3 Bd7 8. 0-0 0-0 9. h3 Rb8 10. e5 Nd5 11. Ne4 dxe5 12. fxe5 f6 13. c4 Nc7 14. exf6 gxf6 15. Be3 Na6 16. Bh6 Re8 17. Nfg5 Ne5 18. Qh5 fxg5 19. Nxg5 Bxg5 20. Bxg5 Qc7 21. Bf4 Re7 22. Bxe5 Be8 23. Qg4+ Rg7 24. Qxe6+ Bf7 25. Qf6 1-0

[Event "Quebec-ch U14"]
[Site "Montreal"]
[Date "2010.11.27"]
[Round "2"]
[White "Xu, Tian Run"]
[Black "Luo, Zhao Yang"]
[Result "0-1"]
[WhiteElo "1624"]
[BlackElo "1963"]
[PlyCount "90"]
[EventDate "2010.11.26"]
[EventType "swiss"]
[EventRounds "5"]
[EventCountry "CAN"]
[SourceTitle "EXT 2013"]
[Source "ChessBase"]
[SourceDate "2012.11.22"]
[SourceVersion "1"]
[SourceVersionDate "2012.11.22"]
[SourceQuality "1"]

1. e4 c6 2. d4 d5 3. e5 c5 4. c3 Nc6 5. Nf3 Bg4 6. Be2 e6 7. Bf4 cxd4 8. cxd4 Qb6 9. Nbd2 Bb4 10. 0-0 Nge7 11. Nb3 Nf5 12. Be3 0-0 13. Rc1 a5 14. a3 Be7 15. Qd2 Qxb3 16. Rc3 Qb6 17. Rd1 Rfc8 18. h3 Bh5 19. g4 Nxe3 20. Rxe3 Bg6 21. h4 Be4 22. g5 a4 23. h5 Na5 24. Bd3 Nb3 25. Qe2 Nc1 26. Qd2 Nxd3 27. Rxd3 Bxd3 28. Qxd3 Qb3 29. g6 Qxd3 30. gxf7+ Kxf7 31. Rxd3 Rc2 32. Nh2 Rxb2 33. Rf3+ Kg8 34. Ng4 Rb3 35. Ne3 Rxa3 36. Rg3 Ra1+ 37. Kg2 a3 38. h6 g6 39. Ng4 a2 40. Nf6+ Bxf6 41. exf6 Kf7 42. Rc3 Rg1+ 43. Kh2 Rh1+ 44. Kg2 a1Q 45. Rc7+ Kxf6 0-1

[Event "North American-ch U14"]
[Site "Montreal"]
[Date "2010.08.17"]
[Round "4"]
[White "Lepine, Cedric"]
[Black "Xu, Tian Run"]
[Result "1/2-1/2"]
[WhiteElo "1663"]
[BlackElo "1368"]
[PlyCount "47"]
[EventDate "2010.08.16"]
[EventType "swiss"]
[EventRounds "7"]
[EventCountry "CAN"]
[SourceTitle "EXT 2013"]
[Source "ChessBase"]
[SourceDate "2012.11.22"]
[SourceVersion "1"]
[SourceVersionDate "2012.11.22"]
[SourceQuality "1"]

1. d4 d5 2. c4 e6 3. Nc3 Be7 4. Nf3 Nf6 5. g3 Nbd7 6. Bg2 c6 7. 0-0 0-0 8. b3 b6 9. Re1 Bb4 10. Bd2 Bxc3 11. Bxc3 Bb7 12. Ne5 Rc8 13. Rc1 Qe7 14. Nxd7 Qxd7 15. e4 Nxe4 16. Bxe4 dxe4 17. Qg4 f5 18. Qf4 Qc7 19. Qxc7 Rxc7 20. Rcd1 Re8 21. a4 b5 22. c5 bxa4 23. Ra1 Ba6 24. Rxa4 1/2-1/2

[Event "North American-ch U14"]
[Site "Montreal"]
[Date "2010.08.17"]
[Round "3"]
[White "Xiang, Qun Tian"]
[Black "Xu, Tian Run"]
[Result "0-1"]
[WhiteElo "1112"]
[BlackElo "1368"]
[PlyCount "48"]
[EventDate "2010.08.16"]
[EventType "swiss"]
[EventRounds "7"]
[EventCountry "CAN"]
[SourceTitle "EXT 2013"]
[Source "ChessBase"]
[SourceDate "2012.11.22"]
[SourceVersion "1"]
[SourceVersionDate "2012.11.22"]
[SourceQuality "1"]

1. e4 c5 2. Nf3 d6 3. d4 cxd4 4. Nxd4 Nf6 5. Nc3 g6 6. f3 Bg7 7. Be3 Nc6 8. Qd2 0-0 9. 0-0-0 Bd7 10. Bc4 Rc8 11. Bd5 a6 12. h4 b5 13. Nxc6 Bxc6 14. Bxc6 Rxc6 15. Nd5 Nxd5 16. Qxd5 Qd7 17. Qb3 Rfc8 18. Rd2 a5 19. a3 a4 20. Qd3 b4 21. axb4 a3 22. Kb1 axb2 23. Ka2 Ra8+ 24. Kb3 Rc3+ 0-1

[Event "Quebec-ch U20"]
[Site "Montreal"]
[Date "2010.03.14"]
[Round "4"]
[White "Xu, Tian Run"]
[Black "Samikov, Chingis"]
[Result "0-1"]
[WhiteElo "1586"]
[BlackElo "1187"]
[PlyCount "118"]
[EventDate "2010.03.12"]
[EventType "swiss"]
[EventRounds "5"]
[EventCountry "CAN"]
[SourceTitle "EXT 2013"]
[Source "ChessBase"]
[SourceDate "2012.11.22"]
[SourceVersion "1"]
[SourceVersionDate "2012.11.22"]
[SourceQuality "1"]

1. e4 c5 2. Nf3 d6 3. d4 cxd4 4. Nxd4 Nf6 5. Nc3 a6 6. Be3 e5 7. Nb3 Be6 8. f3 Be7 9. Bd3 0-0 10. 0-0 Qc7 11. Qd2 Rd8 12. Qf2 Nbd7 13. Na4 Bxb3 14. cxb3 b5 15. Nb6 Rab8 16. Nxd7 Qxd7 17. Rac1 Rdc8 18. Rfd1 Rxc1 19. Rxc1 Rc8 20. Rxc8+ Qxc8 21. Qc2 Qxc2 22. Bxc2 Kf8 23. Bd3 d5 24. Bb6 Nd7 25. Bc7 dxe4 26. Bxe4 Bc5+ 27. Kf1 Bd4 28. Bb7 Nc5 29. Bd6+ Ke8 30. Bxc5 Bxc5 31. Bxa6 b4 32. Bc4 Bd4 33. a3 Bxb2 34. axb4 f5 35. Ke2 Bd4 36. Kd3 Kd7 37. Bd5 Kc7 38. Kc4 Kb6 39. b5 g5 40. h3 Kc7 41. Be6 f4 42. Kd5 Kb6 43. Bd7 Kc7 44. Bc6 h6 45. Ke6 Bc3 46. Kf6 e4+ 47. Kg6 e3 48. Kxh6 e2 49. Kxg5 e1Q 50. Kxf4 Qe5+ 51. Kg4 Qe6+ 52. Kf4 Qxb3 53. h4 Qf7+ 54. Kg4 Qe6+ 55. Kf4 Bd2+ 56. Kg3 Qe3 57. Kh3 Qf2 58. Kh2 Bf4+ 59. Kh1 Qf1# 0-1

[Event "CAN-ch U12"]
[Site "Quebec"]
[Date "2008.07.16"]
[Round "7"]
[White "Xu, Tian Run"]
[Black "Kaufman, Elliot"]
[Result "1-0"]
[WhiteElo "1549"]
[BlackElo "1412"]
[PlyCount "37"]
[EventDate "2008.07.14"]
[EventType "swiss"]
[EventRounds "7"]
[EventCountry "CAN"]
[SourceTitle "EXT 2011"]
[Source "ChessBase"]
[SourceDate "2010.11.26"]
[SourceVersion "1"]
[SourceVersionDate "2010.11.26"]
[SourceQuality "1"]

1. e4 c5 2. Nf3 d6 3. Bc4 Nf6 4. Nc3 a6 5. a4 Nc6 6. 0-0 Bg4 7. h3 Bh5 8. Be2 Bxf3 9. Bxf3 Ne5 10. d3 Qb6 11. a5 Qb4 12. Ra4 Qxa4 13. Nxa4 Nc6 14. Bd2 g6 15. Nb6 Rb8 16. Re1 Bg7 17. Nc4 Nd7 18. Be3 Nf6 19. e5 1-0